• 首页
  • 本馆介绍
  • 公告通知
  • 最新文献
  • 馆藏检索
  • 电子资源
  • 读者导购
  • 参考咨询
  • 我的图书馆
  • 登录
  • 详细信息显示
  • 放入我的书架
  • 预约/预借图书
  • 作者相关作品
  • 分类相关作品
  • 丛书相关作品
  • 出版社相关作品

书目信息

  • 表格格式
  • 工作单格式
  • 卡片格式
题名:
火星地理
    
 
作者: 莱恩 著 ;尹富林 翻译
分册:  
出版信息: 长沙   湖南科学技术出版社  2017.03
页数: 217页
开本: 23cm
丛书名:
单 册:
中图分类: P185.3-09 , P185.3-49
科图分类:
主题词: 火星--天文观测--历史--普及读物
电子资源:
ISBN: 978-7-5357-9005-7
000 01136nam0 2200253 450
001 369
005 20180922091443.99
010    @a978-7-5357-9005-7@dCNY48.00
100    @a20170619d2017 em y0chiy50 ea
101 1  @achi@ceng
102    @aCN@b430000
105    @aa z 000yy
200 1  @a火星地理@9huo xing di li@e探寻和认识遥远的红色星球@f(美)K. 玛丽亚·D. 莱恩著@g尹富林翻译
210    @a长沙@c湖南科学技术出版社@d2017.03
215    @a217页@c图@d23cm
330    @a本书一本了解火星观测史的书,书中澄清了许多在火星探测史上出现的令人啼笑皆非的谬误。作者将原始文献和二手资料融会贯通,加上完美的写作和精巧的构思,展现了火星观测史上表现各异的主流西方科学家及其在天文工作上的发现。过去科学界和公众对待火星的方式对后来火星探测和研究影响颇深,重新回顾这段历史,能够更好地计划未来。
517 1  @a探寻和认识遥远的红色星球@9tan xun he ren shi yao yuan de hong se xing qiu
606 0  @a火星@x天文观测@x历史@j普及读物
690    @aP185.3-09@v5
690    @aP185.3-49@v4
701  0 @c(美)@a莱恩@9lai en@c(Lane, K. Maria D.)@4著
702  0 @a尹富林@9yin fu lin@4翻译
801  0 @aCN@b91MARC@c20170619
905    @aMuseLib@dP185.3-49@e242
    
    火星地理:探寻和认识遥远的红色星球/(美)K. 玛丽亚·D. 莱恩著/尹富林翻译.-长沙:湖南科学技术出版社,2017.03
    217页:图;23cm
    
    
    ISBN 978-7-5357-9005-7:CNY48.00
    本书一本了解火星观测史的书,书中澄清了许多在火星探测史上出现的令人啼笑皆非的谬误。作者将原始文献和二手资料融会贯通,加上完美的写作和精巧的构思,展现了火星观测史上表现各异的主流西方科学家及其在天文工作上的发现。过去科学界和公众对待火星的方式对后来火星探测和研究影响颇深,重新回顾这段历史,能够更好地计划未来。
●
相关链接 在E读中查询图书 在五车中查询图书 在当当中查询图书 在豆瓣中查询图书


正题名:火星地理     索取号:P185.3-49/242         预约/预借

序号 登录号 条形码 馆藏地/架位号 状态 备注
1 1119554   211195543   第二样本阅览室/ [索取号:P185.3-49/242] 在馆    
2 1119555   211195552   第三借阅区/ [索取号:P185.3-49/242] 在馆    
3 1119556   211195561   第三借阅区/ [索取号:P185.3-49/242] 在馆    
4 1119557   211195570   第三借阅区/ [索取号:P185.3-49/242] 在馆    
5 1119558   211195589   密集书库-资源管理系/ [索取号:P185.3-49/242] 在馆    
唐山师范学院图书馆 欢迎您!
大连网信软件有限公司© 版权所有